00642nam a2200181 a 450000100060000000300090000600800410001502000150005604000280007108200260009910000510012524500560017626000300023250501430026265000090040565000210041465000250043515084CO-ViMGA141112s2004 ck r 000 u spa d a9580447470 aCO-ViMGAbspacCO-ViMGA04a741.07 bG874e mV. 81 aGutierrez Echeverri, Natali; Gary Gari, Muriel10aExpresArte 8 : bTecnicas, diseño, dibujo y color aBogotá, cNorma, c2002 aPerspectiva y profundidad, las tizas, los pasteles, las acuarelas, las diferencias cromáticas, la composición, contrastes ExpresArte 814aARTE14aCOLOR EN EL ARTE14aDIBUJO - ENSEÑANZA